00500nam a2200181 a 4500001001300000003000900013005001700022008004100039020002300080082001300103100002800116245004400144260003200188300000900220500003500229650002600264700002800290nice12345678IN_TiNIC20260116015342.0100209s1981 lona grp 000 0 eng  a0709191448 c10000a255bWAL aWalker, Lionel Marshall aBrothers of Habitb Life in a Monastery aLondon bRobert Hale c1981 a192p aincludes index and biblioraphy aMonasteries-Christian1 aWalker, Lionel Marshall